000 00720nam a2200229 4500
003 OSt
005 20240726005028.0
006 a
008 240726b |||||||| |||| 00| 0 eng d
020 _a9780323039819
040 _aDWCL-HMN lib.
_cOC
082 _2Fifth edition
_aCirc. 616.890231 F742p 2007
100 _aFortinash, Katherine M.
245 _aPsychiatric nursing care plans /
250 _aFifth edition
260 _aSt. Louis, Missouri :
_bMosby Elsevier,
_cc2007.
300 _axiv,
_b555 p. ;
_c28 cm.
504 _aIncludes bibliographical references & index.
650 _a1. Patient care planning.
650 _a2. Psychiatric nursing-Methods.
942 _2ddc
_n0
_cBK-CIRC
_eFifth edition
_kCirc.
999 _c2763
_d2763